Statistiques concernant Pretty Little Liars nom des episodes des saisons 1-4

Cliquez ici pour prendre le quiz!

Statistiques générales

  • Ce quiz a été pris 69 fois
  • Le résultat moyen est 27 sur 96

Statistiques - réponses

hintRéponse% Correct
1-1Retour à Rosewood
83%
1-2Le secret de Jenna
76%
1-3Faire son deuil
62%
1-4Loin des yeux, loin du cœur
59%
1-10Je vous vois
52%
2-25Bas les masques
48%
4-5Bas les masques
48%
2-20Contrôle A
48%
1-5Dure réalité
48%
1-6Le bal de rentrée
48%
1-8Ne m'oubliez pas
48%
1-12Chantage
45%
1-9En pleine tempête
45%
2-1Vivant
45%
1-13Connais tes ennemis
41%
1-14Encore une danse !
41%
1-16Je suis une amie
41%
2-5Cadavre exquis
38%
3-1C'est arrivé cette nuit-là
38%
2-23Dans l'œil du cyclone
38%
1-21La fête des fondateurs
38%
2-19La journée du franc-parler
38%
1-18Mauvaise graine
38%
1-17Méprise
38%
1-11Révélations
38%
1-15Un mensonge ne suffit pas
38%
2-22La fille de son père
34%
3-15La Mona Mania
34%
3-12Le tueur de ces dames
34%
2-6Ne jamais se défiler
34%
2-13Secret originel
34%
2-24Si ces poupées pouvaient parler
34%
4-25A comme Assassin
31%
4-2"A" pour la vie
31%
2-2Derrière les barrières
31%
2-8Diagnostics
31%
3-14Elle va mieux maintenant
31%
2-3Fenêtres secrètes
31%
4-6Gamma Zeta
31%
2-15La surprise tombe à l'eau
31%
3-3Les borgnes sont rois
31%
2-17Protège-moi
31%
4-3Talons aiguilles
31%
4-4Touche pas à ma mère
31%
3-2Visions
31%
3-9Action ou vérité
28%
2-11Aveux à haut risque
28%
3-8Baisers volés
28%
2-9Dans la remise
28%
1-22La fille qui en savait trop
28%
3-4La plume est dans le sac
28%
3-10Le poids des mensonges
28%
2-12Machination
28%
2-18Mise à l'écart
28%
4-24A tombeau presque ouvert
24%
3-5Cette fille est un poison
24%
4-21Chute libre
24%
3-17Dira, dira pas
24%
2-7En creusant un peu
24%
3-7Fou à lier
24%
3-6Les vestiges de "A"
24%
2-4Question de vie ou de mort
24%
4-14Six pieds sous terre
24%
2-21Une question de loyauté
24%
4-23Couvre-moi
21%
2-14Faites vos jeux, rien ne va plus
21%
1-7Le lendemain de fête
21%
4-20Théâtre d'ombres
21%
4-15Toc, toc, toc. Qui est-là ?
21%
4-13Tour de passe-passe
21%
4-8A tort ou à raison
17%
4-16Celle qui aimait raconter des histoires
17%
4-19Jamais dire jamais
17%
4-11Le miroir à trois faces
17%
4-18Mords-toi la langue
17%
3-18Mort à mes yeux
17%
4-12Un habitant au sous-so
17%
3-13Voyage jusqu'au bout de la terreur
17%
4-22Entre vérités et mensonges
14%
4-1Guide pratique du mensonge à Rosewood
14%
3-21Hors de vue, hors d'esprit
14%
3-22Le cercle sera-t-il intact ?
14%
1-19Témoin capitale
14%
3-16Un malheur n'arrive jamais seul
14%
3-19Ce qu'il advient du cœur brisé
10%
3-20Eaux dangereuses
10%
4-17Rencontres inespéres
7%
4-10Joyeuse anniversaire, Emily !
3%
2-10La pressions des sentiments
3%
4-9Le manuel de la petite amie coupable
3%
1-20Surveilée de près
3%
3-24Un jeu dangeureux
3%
4-7Vivre à Ravenswood
3%
2-16Au royume des aveugles
0%
3-23Je suis la marionette
0%
3-11La morsures du serpent
0%

Distribution des résultats

Percentile par nombre de réponses

% des personnes avec chaque résultat

Votre développement - résultats

Vous n’avez pas pris ce quiz